000 00571nam a2200169Ia 4500
008 090711s9999 xx 000 0 und d
082 _b74321
100 _aनेरकर अरविंद ए.
245 _aसप्तशgंग दर्शन
260 _bश्रध्दा प्रकाशन
_c1982
300 _a48
600 _aनेरकर अरविंद ए.
630 _aसप्तशgंग दर्शन
700 _aनेरकर अरविंद ए.
730 _aसप्तशgंग दर्शन
942 _cBOOK
999 _c285459
_d285459